Foods That Have Changed Names - Statistics

General Stats
  • This quiz has been taken 29 times
  • The average score is 3 of 12
Answer Stats
Hint Answer % Correct
rapeseed oil canola oil
67%
bull testicles Rocky Mountain oysters
52%
Chinese gooseberry kiwi
48%
curds and whey cottage cheese
37%
oleo margarine
37%
prunes dried plums
26%
love apple tomato
26%
dolphinfish mahi mahi
22%
Patagonian toothfish Chilean sea bass
15%
goosefish monkfish
0%
slimehead orange roughy
0%
rockfish red snapper
0%
No matching quizzes found
Score Distribution
Percent of People with Each Score
Percentile by Number Answered
Your Score History
You have not taken this quiz